Мир измерений: метрологический научно-технический журнал

Podrobná bibliografie
Shrnutí:С 2013 г. журнал представлен в электронном виде
Jazyk:ruština
Vydáno: Москва, Стандарты и качество, 2013-2017
Témata:
On-line přístup:http://www.ria-stk.ru/mi/about.php
http://elibrary.ru/title_about.asp?id=8856
Médium: MixedMaterials Elektronický zdroj Seriál
KOHA link:https://koha.lib.tpu.ru/cgi-bin/koha/opac-detail.pl?biblionumber=384884

MARC

LEADER 00000nas1a2200000 4500
001 384884
005 20231101063313.0
011 |a 1813-8667 
035 |a (RuTPU)RU\TPU\prd\12044 
090 |a 384884 
100 |a 20030326a20019999k y0rusy50 ca 
101 0 |a rus 
102 |a RU 
110 |a afaz|||0uu0 
200 1 |a Мир измерений  |e метрологический научно-технический журнал 
210 |a Москва  |c Стандарты и качество  |d 2013-2017 
300 |a С 2013 г. журнал представлен в электронном виде 
305 |a Издается с 2001 г. 
326 |a 12 номеров в год 
469 |0 (RuTPU)RU\TPU\subscr\1321 
610 1 |a измерительная техника 
610 1 |a измерения 
610 1 |a дозометрические приборы 
610 1 |a спектрометры 
610 1 |a ионизирующие излучения 
610 1 |a температуры 
610 1 |a измерительные системы 
610 1 |a метрология 
610 1 |a измерительная аппаратура 
675 |a 621.3 
801 1 |a RU  |b 63413507  |c 20030326  |g PSBO 
801 2 |a RU  |b 63413507  |c 20221103  |g PSBO 
856 4 |u http://www.ria-stk.ru/mi/about.php 
856 4 |u http://elibrary.ru/title_about.asp?id=8856 
942 |c CR 
969 |0 001RU\TPU\subscr\1321